[Event "Feffernitz op-A 33rd"]
[Site "Feffernitz"]
[Date "2024.08.24"]
[Round "9"]
[White "Knaller, Christoph"]
[Black "Van der Meiden, Dirk"]
[Result "1/2-1/2"]
[WhiteElo "2044"]
[BlackElo "1930"]
[PlyCount "38"]
[EventDate "2024.08.17"]
[EventType "swiss"]
[EventRounds "9"]
[EventCountry "AUT"]
[SourceTitle "CBM 221 Extra"]
[Source "ChessBase"]
[SourceDate "2024.09.30"]
[SourceVersion "1"]
[SourceVersionDate "2024.09.30"]
[SourceQuality "1"]

1. e4 c6 2. d4 d5 3. Nc3 dxe4 4. Nxe4 Nf6 5. Nxf6+ exf6 6. c3 Bd6 7. Bd3 0-0 8. Ne2 Re8 9. 0-0 Qc7 10. Ng3 Nd7 11. Bd2 Nf8 12. Qc2 h5 13. Rfe1 Bg4 14. h3 Bxh3 15. gxh3 Bxg3 16. fxg3 Qxg3+ 17. Kh1 Qxh3+ 18. Kg1 Qg3+ 19. Kh1 Qh3+ 1/2-1/2

[Event "Feffernitz op-A 33rd"]
[Site "Feffernitz"]
[Date "2024.08.23"]
[Round "8"]
[White "Postlmayer, Jakob"]
[Black "Knaller, Christoph"]
[Result "1-0"]
[WhiteElo "2358"]
[BlackElo "2044"]
[PlyCount "45"]
[EventDate "2024.08.17"]
[EventType "swiss"]
[EventRounds "9"]
[EventCountry "AUT"]
[SourceTitle "CBM 221 Extra"]
[Source "ChessBase"]
[SourceDate "2024.09.30"]
[SourceVersion "1"]
[SourceVersionDate "2024.09.30"]
[SourceQuality "1"]

1. d4 Nf6 2. c4 d5 3. cxd5 Nxd5 4. Nf3 e6 5. e4 Nf6 6. Nc3 Be7 7. Bd3 c5 8. dxc5 Bxc5 9. 0-0 0-0 10. Bg5 Be7 11. Qe2 Bd7 12. Rfd1 Bc6 13. e5 Nd5 14. Qe4 g6 15. Qh4 f6 16. exf6 Bxf6 17. Bc4 Nd7 18. Nxd5 Bxd5 19. Bxd5 exd5 20. Rxd5 Bxg5 21. Nxg5 Qe7 22. Qxh7+ Qxh7 23. Nxh7 1-0

[Event "Feffernitz op-A 33rd"]
[Site "Feffernitz"]
[Date "2024.08.20"]
[Round "5"]
[White "Knaller, Christoph"]
[Black "Gschwandtl, Alexander"]
[Result "1-0"]
[WhiteElo "2044"]
[BlackElo "2019"]
[PlyCount "57"]
[EventDate "2024.08.17"]
[EventType "swiss"]
[EventRounds "9"]
[EventCountry "AUT"]
[SourceTitle "CBM 221 Extra"]
[Source "ChessBase"]
[SourceDate "2024.09.30"]
[SourceVersion "1"]
[SourceVersionDate "2024.09.30"]
[SourceQuality "1"]

1. Nf3 Nf6 2. b3 g6 3. Bb2 Bg7 4. c4 0-0 5. g3 d6 6. Bg2 e5 7. d3 c6 8. 0-0 a5 9. Qc2 Na6 10. a3 Re8 11. Nbd2 Qe7 12. Rfd1 Bd7 13. Bc3 Nc7 14. c5 Nfd5 15. cxd6 Qxd6 16. Bb2 Nb5 17. e3 Qc7 18. Rac1 Rad8 19. Nc4 f6 20. e4 Ne7 21. a4 Nd6 22. d4 Be6 23. Nxd6 Rxd6 24. d5 Bf7 25. Ba3 Rd7 26. d6 Qb6 27. dxe7 Bxb3 28. Qb2 Rxd1+ 29. Rxd1 1-0

[Event "Feffernitz op-A 33rd"]
[Site "Feffernitz"]
[Date "2024.08.19"]
[Round "4"]
[White "Leitner, Gerald"]
[Black "Knaller, Christoph"]
[Result "1-0"]
[WhiteElo "2117"]
[BlackElo "2044"]
[PlyCount "31"]
[EventDate "2024.08.17"]
[EventType "swiss"]
[EventRounds "9"]
[EventCountry "AUT"]
[SourceTitle "CBM 221 Extra"]
[Source "ChessBase"]
[SourceDate "2024.09.30"]
[SourceVersion "1"]
[SourceVersionDate "2024.09.30"]
[SourceQuality "1"]

1. Nf3 Nf6 2. c4 g6 3. b3 Bg7 4. Bb2 0-0 5. g3 c5 6. Bg2 Nc6 7. 0-0 b6 8. d4 cxd4 9. Nxd4 Bb7 10. Nc3 Qc8 11. Nc2 Na5 12. Nd5 Nxd5 13. Bxg7 Kxg7 14. cxd5 d6 15. Rc1 Qd7 16. Qd4+ 1-0

[Event "Feffernitz op-A 33rd"]
[Site "Feffernitz"]
[Date "2024.08.18"]
[Round "2"]
[White "Kainz, Josef"]
[Black "Knaller, Christoph"]
[Result "0-1"]
[WhiteElo "1900"]
[BlackElo "2044"]
[PlyCount "74"]
[EventDate "2024.08.17"]
[EventType "swiss"]
[EventRounds "9"]
[EventCountry "AUT"]
[SourceTitle "CBM 221 Extra"]
[Source "ChessBase"]
[SourceDate "2024.09.30"]
[SourceVersion "1"]
[SourceVersionDate "2024.09.30"]
[SourceQuality "1"]

1. d4 Nf6 2. c4 g6 3. g3 Bg7 4. Bg2 0-0 5. Nf3 c6 6. Nc3 d5 7. Qb3 b6 8. cxd5 cxd5 9. 0-0 Bb7 10. Bf4 Nc6 11. Rfd1 Rc8 12. a3 Na5 13. Qa2 Nh5 14. Bd2 a6 15. Rac1 Nc4 16. Be1 Qd6 17. e3 Nf6 18. Nb1 Ne4 19. b3 Na5 20. Bh3 Rxc1 21. Rxc1 Nc6 22. Nc3 Nxc3 23. Bxc3 a5 24. Qb2 e6 25. Bf1 Rc8 26. b4 axb4 27. Bxb4 Nxb4 28. Rxc8+ Bxc8 29. Qxb4 Qxb4 30. axb4 f6 31. h4 Bd7 32. b5 h6 33. Kg2 Kf7 34. Be2 e5 35. dxe5 fxe5 36. Ne1 Ke7 37. f3 Kd6 0-1

[Event "AUT-chT2M 2223"]
[Site "Austria"]
[Date "2023.04.14"]
[Round "10.6"]
[White "Ebner, Hubert"]
[Black "Knaller, Christoph"]
[Result "1/2-1/2"]
[WhiteElo "2193"]
[BlackElo "2043"]
[PlyCount "60"]
[EventDate "2022.09.30"]
[EventType "team-tourn"]
[EventRounds "11"]
[EventCountry "AUT"]
[SourceTitle "EXT 2024"]
[Source "ChessBase"]
[SourceDate "2023.10.10"]
[SourceVersion "1"]
[SourceVersionDate "2023.10.10"]
[SourceQuality "1"]
[WhiteTeam "Frauental"]
[BlackTeam "Raika Feffernitz II"]
[WhiteTeamCountry "AUT"]
[BlackTeamCountry "AUT"]

1. d4 Nf6 2. c4 g6 3. f3 c5 4. d5 d6 5. Nc3 Bg7 6. e4 0-0 7. Bg5 h6 8. Be3 a6 9. a4 Kh7 10. Nge2 e6 11. Qd2 exd5 12. cxd5 Qa5 13. Ra3 Nbd7 14. Ng3 Nb6 15. Be2 Bd7 16. 0-0 Qb4 17. a5 Nc4 18. Bxc4 Qxc4 19. Rfa1 b5 20. axb6 Rfb8 21. Na4 Ne8 22. Ne2 Bxa4 23. Rxa4 Qb5 24. Nc3 Qxb6 25. Nd1 Nc7 26. R1a2 Qb5 27. Nc3 Qb3 28. R4a3 Qb4 29. Ra4 Qb3 30. R4a3 Qb4 1/2-1/2

[Event "Feffernitz op 31st"]
[Site "Feffernitz"]
[Date "2022.08.09"]
[Round "5"]
[White "Knaller, Christoph"]
[Black "Kesik, Klaus Dieter"]
[Result "0-1"]
[WhiteElo "2039"]
[BlackElo "2173"]
[PlyCount "80"]
[EventDate "2022.08.06"]
[EventType "swiss"]
[EventRounds "9"]
[EventCountry "AUT"]
[SourceTitle "CBM 209 Extra"]
[Source "ChessBase"]
[SourceDate "2022.09.30"]
[SourceVersion "1"]
[SourceVersionDate "2022.09.30"]
[SourceQuality "1"]

1. e4 c6 2. d4 d5 3. Nd2 dxe4 4. Nxe4 Bf5 5. Ng3 Bg6 6. Nf3 Nd7 7. h4 h6 8. h5 Bh7 9. Bd3 Bxd3 10. Qxd3 e6 11. Bd2 Ngf6 12. 0-0-0 Be7 13. Ne4 Nxe4 14. Qxe4 Nf6 15. Qd3 Qd5 16. c4 Qe4 17. Qxe4 Nxe4 18. Be3 Nf6 19. Ne5 0-0 20. g4 Ne4 21. f3 Nd6 22. c5 Nb5 23. f4 Bf6 24. Nf3 Rad8 25. g5 Be7 26. Rhg1 hxg5 27. fxg5 Rd5 28. a4 Nc7 29. Ne5 Na6 30. Bf4 Rfd8 31. g6 fxg6 32. hxg6 Rxd4 33. Rdf1 R8d5 34. Nf7 Rxc5+ 35. Kb1 Rh5 36. Bg5 Bxg5 37. Nxg5 Nc5 38. Rh1 Rxh1 39. Rxh1 Rg4 40. Rd1 Kf8 0-1

[Event "Feffernitz Raika op 23rd"]
[Site "Feffernitz"]
[Date "2014.08.18"]
[Round "4"]
[White "Knaller, Christoph"]
[Black "Gasser, Michael"]
[Result "1-0"]
[WhiteElo "2017"]
[BlackElo "1899"]
[PlyCount "83"]
[EventDate "2014.08.16"]
[EventType "swiss"]
[EventRounds "9"]
[EventCountry "AUT"]
[SourceTitle "CBM 161 Extra"]
[Source "ChessBase"]
[SourceDate "2014.08.29"]
[SourceVersion "1"]
[SourceVersionDate "2014.08.29"]
[SourceQuality "1"]

1. e4 c5 2. g3 g6 3. Bg2 Bg7 4. d3 d6 5. f4 Nc6 6. c3 Nf6 7. Nf3 0-0 8. 0-0 Nd7 9. Be3 Rb8 10. d4 cxd4 11. cxd4 b6 12. Nc3 e6 13. Rc1 Ba6 14. Rf2 Rc8 15. Qa4 Na5 16. Nb5 Rxc1+ 17. Bxc1 Bxb5 18. Qxb5 Qc7 19. Be3 Nf6 20. e5 Ng4 21. Re2 Nxe3 22. Rxe3 d5 23. Rc3 Qb7 24. Bf1 Rc8 25. Kf2 Rxc3 26. Qe8+ Bf8 27. bxc3 Qc6 28. Qxc6 Nxc6 29. Ke3 Na5 30. Bb5 Ba3 31. Kd2 Nc4+ 32. Kd3 Nb2+ 33. Kc2 Nc4 34. Kb3 Bc1 35. Bxc4 dxc4+ 36. Kxc4 a6 37. Kd3 h6 38. Nd2 g5 39. fxg5 hxg5 40. Kc2 Bxd2 41. Kxd2 Kg7 42. c4 1-0

[Event "Feffernitz Raika op 22nd"]
[Site "Feffernitz"]
[Date "2013.08.24"]
[Round "8"]
[White "Dolinar, Jan"]
[Black "Knaller, Christoph"]
[Result "1-0"]
[WhiteElo "1787"]
[BlackElo "2005"]
[PlyCount "79"]
[EventDate "2013.08.18"]
[EventType "swiss"]
[EventRounds "9"]
[EventCountry "AUT"]
[SourceTitle "CBM 156 Extra"]
[Source "ChessBase"]
[SourceDate "2013.10.22"]
[SourceVersion "1"]
[SourceVersionDate "2013.10.22"]
[SourceQuality "1"]

1. e4 d5 2. exd5 Qxd5 3. Nc3 Qa5 4. Bc4 c6 5. Nf3 Bf5 6. d3 e6 7. Bd2 Qc7 8. Qe2 Nd7 9. Nh4 Ne7 10. g4 Bg6 11. f4 Nf6 12. Ne4 0-0-0 13. 0-0-0 Nfd5 14. Rhf1 Bxe4 15. dxe4 Nb6 16. Bb3 Ng6 17. Ng2 Bd6 18. f5 exf5 19. Rxf5 f6 20. g5 fxg5 21. Rf7 Nd7 22. Bxg5 Rde8 23. Rxg7 Nge5 24. Qd2 Bf8 25. Rg8 Rxg8 26. Bxg8 Bb4 27. Qxb4 Rxg8 28. Nf4 c5 29. Qb3 c4 30. Qc3 Nc5 31. Nd5 Qg7 32. Bf6 Qh6+ 33. Kb1 Re8 34. Ne7+ Kb8 35. Qxe5+ Ka8 36. Qxc5 Qxf6 37. Nd5 b6 38. Nc7+ Kb7 39. Nxe8 Qf3 40. Nd6+ 1-0

[Event "Feffernitz Raika op 22nd"]
[Site "Feffernitz"]
[Date "2013.08.23"]
[Round "7"]
[White "Knaller, Christoph"]
[Black "Dieli, Riccardo"]
[Result "1-0"]
[WhiteElo "2005"]
[BlackElo "1853"]
[PlyCount "103"]
[EventDate "2013.08.18"]
[EventType "swiss"]
[EventRounds "9"]
[EventCountry "AUT"]
[SourceTitle "CBM 156 Extra"]
[Source "ChessBase"]
[SourceDate "2013.10.22"]
[SourceVersion "1"]
[SourceVersionDate "2013.10.22"]
[SourceQuality "1"]

1. e4 c5 2. g3 g6 3. Bg2 Bg7 4. d3 d6 5. f4 Nc6 6. c3 e6 7. Nf3 Nge7 8. 0-0 0-0 9. Na3 b6 10. Be3 Bb7 11. Nc2 Rc8 12. Qe2 Qc7 13. Rae1 a6 14. d4 cxd4 15. Ncxd4 d5 16. e5 Nxd4 17. Nxd4 Qc4 18. Nb3 Qxe2 19. Rxe2 a5 20. Rd1 Ba6 21. Red2 a4 22. Nd4 Nc6 23. Nxc6 Rxc6 24. Rd4 b5 25. a3 f6 26. exf6 Bxf6 27. R4d2 Kg7 28. Bd4 Bxd4+ 29. Rxd4 Kf6 30. Kf2 Ke7 31. Ke3 Rc4 32. Bf3 Rxd4 33. Rxd4 Bc8 34. Be2 Bd7 35. Rb4 Rb8 36. Kd4 Kd6 37. h4 h6 38. Bd3 Be8 39. Bc2 Ra8 40. Bd1 Ra7 41. Be2 Ra5 42. Bd3 g5 43. hxg5 hxg5 44. fxg5 e5+ 45. Ke3 Ke6 46. Bh7 Kf7 47. Bf5 e4 48. Kd4 Ra7 49. Kxd5 e3 50. Re4 Re7 51. Rxe7+ Kxe7 52. Bg4 1-0

[Event "Feffernitz Raika op 21st"]
[Site "Feffernitz"]
[Date "2012.08.23"]
[Round "6"]
[White "Knaller, Christoph"]
[Black "Reichenbacher, Gerhard"]
[Result "1-0"]
[WhiteElo "2015"]
[BlackElo "1854"]
[PlyCount "37"]
[EventDate "2012.08.19"]
[EventType "swiss"]
[EventRounds "9"]
[EventCountry "AUT"]
[SourceTitle "CBM 150 Extra"]
[Source "ChessBase"]
[SourceDate "2012.10.19"]
[SourceVersion "1"]
[SourceVersionDate "2012.10.19"]
[SourceQuality "1"]

1. e4 c5 2. Nf3 g6 3. d4 cxd4 4. Nxd4 Bg7 5. Nc3 Nc6 6. Be3 Nf6 7. Nf3 d6 8. Bd3 0-0 9. 0-0 Bg4 10. h3 Bxf3 11. Qxf3 Ne5 12. Qe2 Nxd3 13. cxd3 Qa5 14. d4 d5 15. e5 Ne4 16. Qb5 Qxb5 17. Nxb5 f5 18. Nc7 f4 19. Bc1 1-0

[Event "Feffernitz Raika op 21st"]
[Site "Feffernitz"]
[Date "2012.08.21"]
[Round "4"]
[White "Knaller, Christoph"]
[Black "Wiesinger, Johann"]
[Result "1-0"]
[WhiteElo "2015"]
[BlackElo "1839"]
[PlyCount "82"]
[EventDate "2012.08.19"]
[EventType "swiss"]
[EventRounds "9"]
[EventCountry "AUT"]
[SourceTitle "CBM 150 Extra"]
[Source "ChessBase"]
[SourceDate "2012.10.19"]
[SourceVersion "1"]
[SourceVersionDate "2012.10.19"]
[SourceQuality "1"]

1. e4 e5 2. Nf3 Nc6 3. Bb5 a6 4. Ba4 Nf6 5. 0-0 Be7 6. Re1 b5 7. Bb3 0-0 8. d3 d6 9. h3 Na5 10. Nbd2 Nxb3 11. axb3 Bd7 12. Nf1 Re8 13. Ng3 Bf8 14. Bg5 h6 15. Bd2 g6 16. b4 Bg7 17. c3 d5 18. exd5 Nxd5 19. Ne4 Nb6 20. Qc2 Bf5 21. Be3 Bc8 22. Nc5 Nd7 23. d4 Nxc5 24. bxc5 e4 25. Ne5 Qd5 26. b4 Kh7 27. Bf4 g5 28. Bh2 Bf5 29. g4 f6 30. gxf5 fxe5 31. Qxe4 Qxe4 32. Rxe4 exd4 33. Rxe8 Rxe8 34. cxd4 Bxd4 35. Rxa6 Re2 36. Bxc7 Rxf2 37. Rd6 Rxf5+ 38. Kg2 Rf2+ 39. Kg3 Rd2 40. Kf3 Bc3 41. Rxd2 Bxd2 1-0

[Event "Villach Admira 60 op"]
[Site "Villach"]
[Date "2006.02.12"]
[Round "3"]
[White "Ressmann, Walter"]
[Black "Knaller, Christoph"]
[Result "1-0"]
[WhiteElo "1759"]
[BlackElo "1982"]
[PlyCount "114"]
[EventDate "2006.02.11"]
[EventType "swiss"]
[EventRounds "9"]
[EventCountry "AUT"]
[SourceTitle "CBM 110 Extra"]
[Source "ChessBase"]
[SourceDate "2006.03.10"]
[SourceVersion "2"]
[SourceVersionDate "2006.03.10"]
[SourceQuality "1"]

1. e4 e6 2. d4 d5 3. Nc3 Nf6 4. e5 Nfd7 5. f4 c5 6. Nf3 Nc6 7. Be2 a6 8. 0-0 cxd4 9. Nb1 Qb6 10. Kh1 Be7 11. Nbd2 0-0 12. Nb3 Bc5 13. Bd3 f6 14. exf6 Nxf6 15. Ne5 Nb4 16. Nxc5 Qxc5 17. a3 Nxd3 18. cxd3 Bd7 19. Bd2 Rfc8 20. Rc1 Qb6 21. Nxd7 Nxd7 22. Rxc8+ Rxc8 23. Bb4 a5 24. Qa4 axb4 25. Qxd7 Rd8 26. Qe7 bxa3 27. bxa3 Rf8 28. g3 Qc6 29. Rb1 b5 30. a4 Re8 31. axb5 Qc8 32. Qa3 Qc3 33. Qb3 Rb8 34. b6 Qxb3 35. Rxb3 Kf7 36. b7 Kf6 37. Rb6 Kf5 38. Kg2 h6 39. Kf3 h5 40. h3 g6 41. g4+ Kf6 42. Ke2 Ke7 43. Kd2 Kf6 44. Kc2 Ke7 45. Kb3 Kd7 46. Kb4 hxg4 47. hxg4 g5 48. fxg5 e5 49. Kc5 Kc7 50. Rb2 e4 51. Kxd4 exd3 52. Kxd3 Kd6 53. Kd4 Ke6 54. Rb6+ Kd7 55. Kxd5 Kc7 56. Kc5 Kd7 57. g6 Kc7 1-0